| 000 | 00669nam a2200253Ia 4500 | ||
|---|---|---|---|
| 008 | 170203s9999 xx 000 0 und d | ||
| 020 | _a8176932051 | ||
| 050 | _a0 30 | ||
| 050 | _bM696q | ||
| 100 | _aMogford, Jane | ||
| 245 | _aWhere does it come from? : | ||
| 245 | _ba world of fascinating facts and figures / | ||
| 245 | _cwritten by Jane Mogford. | ||
| 260 | _bKiddz Bookz, | ||
| 300 | _a31 pages : | ||
| 300 | _bcolor illustrations ; | ||
| 300 | _c31 cm. | ||
| 440 | _aQuestions and Answers. | ||
| 650 | _aElectricity. | ||
| 650 | _aPlanet. | ||
| 650 | _aPlants -- | ||
| 650 | _aQuestions and answers. | ||
| 650 | _xJuvenile literature. | ||
| 999 |
_c305681 _d305681 |
||